000 01492cam a2200325 i 4500
999 _c3444
_d3444
001 (Sirsi) a1135805
003 OSt
005 20240120124309.0
008 210308t20192019enk c 000 1 eng d
020 _a9781912626304
_q(paperback) :
040 _aESL
_beng
_cTAE
_dTAE
_dKH8
_erda
042 _anbic
082 0 _a823.92 THO
100 1 _aThornton, Nicki,
_eauthor.
245 1 4 _aThe bad luck lighthouse /
_cNicki Thornton.
264 1 _aFrome, Somerset :
_bChicken House,
_c2019.
264 4 _c©2019.
300 _a366 pages ;
_c20 cm.
336 _atext
_btxt
_2rdacontent.
337 _aunmediated
_bn
_2rdamedia.
338 _avolume
_bnc
_2rdacarrier.
490 1 _aA Seth Seppi mystery ;
_vbook 2.
520 _aThe twisty-turny sequel to the bestselling The Last Chance Hotel - Agatha Christie meets Harry Potter! In solving the mystery of the Last Chance Hotel, Seth has discovered a bewildering new world of magic. But the truth about his mother's fate remains, stolen away with the firefly cage by his nemesis, the wicked Tiffany Bunn. Determined to chase them down - and prove himself as a magician - Seth and his cat Nightshade are quickly embroiled in the latest MagiCon case, a murder investigation at a deserted lighthouse.
521 1 _aAges 9-12.
650 0 _aHotels
_vJuvenile fiction.
650 0 _aMagic
_vJuvenile fiction.
650 0 _aMurder
_xInvestigation
_vJuvenile fiction.
800 1 _aThornton, Nicki.
_tSeth Seppi mystery ;
_v2.
942 _2ddc
_cFIC